[Event "Copenhagen Chess Challenge 2019"]
[Site "Ballerup"]
[Date "2019.05.17"]
[Round "4.4"]
[White "Egli, Urs"]
[Black "Saltvedt, Martin"]
[Result "0-1"]
[WhiteElo "1906"]
[BlackElo "2018"]
[Annotator "NA RC"]
[PlyCount "64"]
[EventDate "2019.05.16"]
[EventCountry "DEN"]
[SourceTitle "playchess.com"]
[Source "ChessBase"]
[SourceQuality "1"]

1. f4 c5 2. g3 Nc6 3. Bg2 Nf6 4. Nf3 e6 5. O-O d5 6. d3 Be7 7. Nc3 O-O {A03: Bird's Opening with 1...d5} 8. e4 Rb8 (8... b6 9. Ne5 Bb7 10. Nxc6 Bxc6 11. Qe2 Qc7 12. g4 dxe4 13. dxe4 Qb7 14. g5 Nd7 15. a4 {½-½ (29) Jakubiec,A (2531)-Oliwa,M (2415) Poland 2013}) 9. Ne5 Nd4 10. g4 b5 $146 ({Predecessor:} 10... dxe4 11. dxe4 Nd7 12. Nf3 Nxf3+ 13. Qxf3 b5 14. Ne2 Bb7 {1-0 (43) Borel,Y (1951)-Chirila,I (2350) Belfort 2005}) 11. g5 Ne8 12. exd5 b4 13. Ne2 Nxe2+ 14. Qxe2 Qc7 15. dxe6 fxe6 16. Nc6 Rb6 17. Nxe7+ Qxe7 18. Be3 Nc7 19. Qf2 Rb5 20. c4 bxc3 21. bxc3 Nd5 22. c4 Nxe3 23. Qxe3 Rb2 24. Qe5 Rc2 25. Rfc1 Rd2 26. Qe3 Rb2 27. Rcb1 Rc2 28. Rb5 Qd6 29. Rxc5 Bd7 30. d4 $2 (30. Re5 $16 {and life is bright.}) 30... Rxf4 31. Bh3 $2 {[#]} (31. Kh1 $17) 31... Rxd4 $19 (31... Rg4+ $142 $1 {[%mdl 512]} 32. Kf1 {[#]} (32. Bxg4 Qxh2+) 32... Rg1+ $1 {[%mdl 576] Decoy} 33. Kxg1 Qxh2+ 34. Kf1 Qh1+ 35. Qg1 Qf3+ 36. Ke1 Qe2#) 32. Bxe6+ Bxe6 0-1

[Event "Copenhagen Chess Challenge 2019"]
[Site "Ballerup"]
[Date "2019.05.17"]
[Round "4.5"]
[White "Strange, Mikkel"]
[Black "Okhotnik, Vladimir"]
[Result "0-1"]
[WhiteElo "2368"]
[BlackElo "2347"]
[Annotator "TA"]
[PlyCount "72"]
[EventDate "2019.05.16"]
[EventCountry "DEN"]
[SourceTitle "playchess.com"]
[Source "ChessBase"]
[SourceQuality "1"]

{[%evp 20,90,66,62,53,32,64,30,27,19,28,31,31,-30,-22,-37,-46,-40,-40,-61,-4,-52,-42,-72,-40,-40,-57,-164,-166,-177,-177,-172,-172,-172,-174,-180,-165,-201,-193,-201,-194,-214,-224,-220,-206,-263,-263,-250,-250,-261,-255,-242,-233,-318,-315,-445,-347,-402,-390,-468,-468,-468,-468,-468,-460,-437,-449,-496,-490,-965,-754,-1535,-1029]} 1. e4 g6 2. d4 Bg7 3. Nf3 d6 4. Nc3 Nf6 5. Be2 O-O 6. O-O c6 7. a4 Qc7 8. Be3 Nbd7 9. h3 e5 10. dxe5 dxe5 11. Qd2 Re8 {B08: Pirc Defence: Classical System} 12. Rad1 (12. Rfd1 Bf8 13. Bc4 Nc5 14. Ng5 Be6 15. Qe2 a5 16. Bxc5 Bxc5 17. Bxe6 fxe6 18. Qc4 Qe7 19. Nf3 Bd6 20. Ne2 Rad8 {1-0 (47) Efimenko,Z (2654)-Mamedov,R (2626) Ohrid 2009}) 12... Nf8 13. Qd6 Qxd6 {White has an edge.} 14. Rxd6 N8d7 $146 ({Predecessor:} 14... Ne6 15. Rfd1 Nh5 16. Bc4 Bf8 17. R6d2 f6 18. Kh2 Be7 19. Ne2 {1-0 (29) Schirrmeister,R (2250)-Gerhardt,F (2140) Germany 2004}) 15. Bc4 Bf8 16. Rd3 ({Better is} 16. Rdd1 $14) 16... Nc5 $11 17. Bxc5 Bxc5 18. Ng5 Re7 19. Kh1 Nh5 ({Black should try} 19... h6 $15 20. Nxf7 Rxf7) 20. Ne2 Kg7 21. g4 Nf4 22. Nxf4 exf4 23. Rd8 (23. e5 $15) 23... Bb6 $19 24. Rd6 h6 25. Nxf7 Rxf7 26. Bxf7 Kxf7 27. Kg2 Be6 28. Kf3 Ke7 29. Rd2 Bc7 30. Rfd1 Be5 31. b3 g5 32. Rd3 {[#]} h5 $1 {[%mdl 512]} 33. Rh1 (33. gxh5 Rh8) 33... Rh8 {Threatens to win with ...hxg4+.} 34. Rdd1 c5 35. Rdg1 Kd6 36. Ke2 c4 {Played: Be5-d4} 0-1

[Event "Copenhagen Chess Challenge 2019"]
[Site "Ballerup"]
[Date "2019.05.17"]
[Round "4.6"]
[White "Andersen, Kim Nyvang"]
[Black "Noah Krug Wahlgreen"]
[Result "1-0"]
[WhiteElo "2004"]
[BlackElo "1721"]
[Annotator "NA RC"]
[PlyCount "117"]
[EventDate "2019.05.16"]
[EventCountry "DEN"]
[SourceTitle "playchess.com"]
[Source "ChessBase"]
[SourceQuality "1"]

1. d4 Nf6 2. c4 g6 3. Nc3 Bg7 4. e4 d6 5. Nge2 Nbd7 6. f3 O-O 7. Bg5 h6 {E81: King's Indian: Sämisch: 6th move deviations (including 6 Be3 c6)} (7... c6 8. Qd2 Rb8 9. Nc1 a6 10. a4 e5 11. d5 c5 12. h4 Qe8 13. g4 Kh8 14. h5 gxh5 15. gxh5 {0-1 (51) Feller,S (2640)-Maze,S (2594) Saint-Quentin 2012}) 8. Be3 Kh7 9. Qd2 c5 10. d5 a6 11. Nc1 Rb8 $146 ({Predecessor:} 11... Ne5 12. Be2 e6 13. a4 Re8 14. O-O b6 15. N1a2 {1-0 (33) Eranyan,K (1963)-Hager,J (2128) Herceg Novi 2008}) 12. Be2 Ng8 13. O-O Ne5 14. h3 f5 15. exf5 Bxf5 16. g4 Bd7 17. f4 Nf7 18. a4 Qc7 19. Ra3 Rbe8 20. Qc2 Nf6 21. Bd3 Nh8 22. N1e2 e6 23. Bd2 exd5 24. Nxd5 Nxd5 25. cxd5 c4 26. Qxc4 Qxc4 27. Bxc4 b5 28. Bd3 Bxb2 29. Rb3 Bg7 30. axb5 axb5 31. Kg2 Rf7 32. Nc3 Bd4 33. Ne4 Rfe7 34. Kf3 (34. Rb4 $18 {has better winning chances.} Rxe4 35. Bxe4) 34... Nf7 35. h4 g5 36. Nxd6+ Kg7 37. Nxe8+ Bxe8 38. hxg5 hxg5 39. Bxb5 Rb7 40. Bc4 Rc7 41. Bd3 Bd7 42. Ke4 Bf6 43. fxg5 Nxg5+ 44. Kf4 Be8 $18 (44... Rc5 45. Ke3 Rxd5) 45. d6 Ne6+ 46. Kg3 Be5+ 47. Kg2 Bc6+ 48. Kh3 Bxd6 49. Bc3+ Kg8 50. Rb8+ Nf8 51. Bc4+ Kh7 52. Rfxf8 Bxf8 53. Rxf8 Bg2+ 54. Kxg2 Rxc4 55. Rh8+ Kg6 56. Rg8+ Kf7 57. Rg7+ Kf8 58. Bf6 Rf4 59. g5 1-0

[Event "Copenhagen Chess Challenge 2019"]
[Site "Ballerup"]
[Date "2019.05.17"]
[Round "4.7"]
[White "Kaasen, Tor Fredrik"]
[Black "French, Max"]
[Result "1-0"]
[WhiteElo "2398"]
[BlackElo "2178"]
[Annotator "TA"]
[PlyCount "67"]
[EventDate "2019.05.16"]
[EventCountry "DEN"]
[SourceTitle "playchess.com"]
[Source "ChessBase"]
[SourceQuality "1"]

{[%evp 26,67,8,1,7,25,13,0,0,-22,-11,-55,-2,-70,0,-51,0,0,20,33,64,49,58,55,112,98,187,52,246,55,249,255,311,314,442,453,440,458,479,473,1035,902,1448,1409]} 1. d4 Nf6 2. c4 e6 3. Nc3 Bb4 4. Qc2 c5 5. dxc5 O-O 6. Nf3 Na6 {[%cal Bb8a6,Ba6c5,Bc5e4][%mdl 32]} 7. g3 Nxc5 8. Bg2 Nce4 9. O-O Nxc3 10. bxc3 Be7 11. e4 d6 12. e5 dxe5 13. Nxe5 Qc7 14. Qe2 Bd6 {E39: Nimzo-Indian: Classical: 4...c5 5 dxc5 0-0} (14... Nd7 15. Bf4 Nxe5 16. Bxe5 Bd6 17. Rfe1 Rb8 18. Rad1 Bxe5 19. Qxe5 Qxe5 20. Rxe5 b6 21. c5 Ba6 22. c6 {½-½ (43) Nakamura,H (2781)-Caruana,F (2799) London 2017}) 15. Re1 Ne8 16. Rb1 Rb8 {The position is equal.} 17. Rb3 f6 18. Ng4 Rf7 $146 (18... b6 $15) ({Predecessor:} 18... Bc5 19. Bf4 e5 20. Bd5+ Kh8 21. Be3 Nd6 22. Bxc5 Qxc5 {½-½ (45) Virkud,A (1913)-Teh,E (2328) Windsor 2016}) 19. h4 (19. Ne3 $11) 19... Re7 (19... b6 $15) 20. Ba3 (20. h5 $1 $11) 20... Bxa3 ({Black should play} 20... b6 $15) 21. Rxa3 $11 a6 22. Ne3 Qc5 23. Rb3 Kf8 24. Qd3 g6 ({Better is} 24... f5 $14) 25. Qd4 $36 {[%mdl 2048] Black is under strong pressure.} Qc7 (25... Qxd4 $16 26. cxd4 b5) 26. Reb1 (26. c5 $18) 26... Kf7 $2 {[#]} (26... Rd7 $14 27. Qa7 f5) 27. Qb6 $2 (27. c5 $18) 27... f5 $2 ({Black should try} 27... Qxb6 $14 28. Rxb6 Rc7) 28. c5 $18 f4 29. gxf4 Nf6 (29... Ra8 $142 30. Qb4 (30. Bxb7 Bxb7 31. Qxc7 Rxc7 $18) 30... Ng7) 30. c6 {White is clearly winning.} Qxf4 31. Rb4 Qe5 32. Nc4 Qf4 (32... Qc7 $142 33. cxb7 Bxb7 34. Bxb7 Qxb6 35. Rxb6 Kf8) 33. cxb7 {[#] Hoping for Nd6+.} Kg7 34. Nd6 {Accuracy: White = 39%, Black = 11%.} 1-0

[Event "Copenhagen Chess Challenge 2019"]
[Site "Ballerup"]
[Date "2019.05.17"]
[Round "4.8"]
[White "Hacker, Jonas"]
[Black "Laustsen, Lars"]
[Result "1-0"]
[WhiteElo "2386"]
[BlackElo "2140"]
[Annotator "TA"]
[PlyCount "37"]
[EventDate "2019.05.16"]
[EventCountry "DEN"]
[SourceTitle "playchess.com"]
[Source "ChessBase"]
[SourceQuality "1"]

{[%evp 10,37,4,0,33,31,29,34,66,70,73,38,66,55,62,58,67,54,89,89,76,88,104,82,116,84,303,300,297,308]} 1. e4 c5 2. Nf3 d6 3. d4 cxd4 4. Nxd4 Nf6 5. f3 e5 6. Nb3 a5 {B55: Sicilian: 2...d6 3 d4 cxd4 4 Nxd4 Nf6 5 f3} (6... Be6 7. c4 Nbd7 8. Be3 b5 9. Na3 a6 10. cxb5 d5 11. bxa6 dxe4 12. Bb5 Nd5 13. Bc5 Nf4 14. O-O Bxb3 15. Qxd7+ Qxd7 16. Bxf8 Rxf8 17. axb3 Rxa6 18. Bxd7+ Kxd7 {½-½ (27) Vitiugov,N (2721)-Duda,J (2710) Czech Republic 2018}) 7. Bb5+ Nc6 8. Nc3 Be6 {White is slightly better.} 9. Be3 Be7 10. Na4 Nd7 $146 ({Predecessor:} 10... O-O 11. Qd2 Na7 12. Bb6 Qc8 13. Be2 Qc6 14. Qxa5 Nc8 15. Bb5 Rxa5 16. Bxc6 Rxa4 17. Bxa4 Nxb6 {0-1 (35) Kuzmanovic,R (1952)-Milovanovic,S (2203) Nis 2012}) 11. O-O $36 {[%mdl 2048] Black is under pressure.} O-O 12. Qd2 Qc7 13. Rfd1 f5 {[#]} 14. exf5 $1 Rxf5 15. c4 b6 16. Nc3 {Hoping for Nd5.} Rc8 17. Ne4 {[%cal Re4d6]} Nd4 $2 {[#]} (17... Rd8 $16) 18. Bxd4 $18 ({Weaker is} 18. Nxd4 exd4 19. Bxd4 (19. Qxd4 d5 $16) 19... Bxc4 $16) 18... exd4 19. Nxd4 {[%mdl 64] Double Attack. Accuracy: White = 72%, Black = 28%.} 1-0

[Event "Copenhagen Chess Challenge 2019"]
[Site "Ballerup"]
[Date "2019.05.17"]
[Round "4.9"]
[White "Vasli, Aref"]
[Black "Fossan, Aleksander"]
[Result "1/2-1/2"]
[WhiteElo "2346"]
[BlackElo "2075"]
[Annotator "TA"]
[PlyCount "66"]
[EventDate "2019.05.16"]
[EventCountry "DEN"]
[SourceTitle "playchess.com"]
[Source "ChessBase"]
[SourceQuality "1"]

{[%evp 27,66,0,0,-3,-7,-1,-3,-8,-13,-8,-14,-18,-16,-60,-70,-88,-79,-69,-66,-77,-91,-102,-56,-73,-80,-78,-85,-81,0,0,0,0,0,0,0,0,0,0,0,0,0]} 1. e4 c5 2. Nf3 Nc6 3. d4 cxd4 4. Nxd4 g6 5. Nc3 Bg7 6. Be3 Nf6 7. Bc4 O-O 8. f3 Qb6 9. Bb3 Nxe4 10. Nd5 Qa5+ 11. c3 Nc5 12. Nxc6 dxc6 13. Nxe7+ Kh8 14. Nxc8 Raxc8 15. O-O {B35: Sicilian: Accelerated Dragon with 5 Nc3: main line} Rfe8 16. Bf2 Rcd8 17. Qc2 Qb5 18. Bxf7 (18. Rfe1 Kg8 19. Rad1 Rxe1+ 20. Rxe1 {½-½ (32) Ivanov,V (2388)-Van Tricht,M (2384) ICCF email 2015}) 18... Re2 19. Rfd1 $146 ({Predecessor:} 19. c4 Rxc2 20. cxb5 cxb5 21. Rac1 {½-½ (21) Born,C (2197)-Trevisan,R Florianopolis 2017}) 19... Rf8 $36 {[%mdl 2048] Black has some pressure.} 20. a4 Qa6 $1 21. Rd2 Rxf2 $1 22. Kxf2 {[#] Strongly threatening b4.} Rxf7 23. b4 Nd7 24. Rad1 Nf8 25. Qb3 Qb6+ 26. Kf1 Qc7 27. Re2 Qxh2 (27... Rf5 $17 28. Kg1 Be5) 28. Qxf7 $11 {Intending Re8! and mate.The position is equal.} Qh1+ 29. Kf2 Qxd1 30. Re7 {[%csl Ge7][%cal Rf7g7]} Qd2+ 31. Kg3 {[%csl Ge7][%cal Rf7g7]} Qg5+ 32. Kf2 {[%csl Ge7][%cal Rf7g7]} Qd2+ {[%mdl 64] [#] Double Attack} 33. Kg3 {[%csl Ge7][%cal Rf7g7]} Qg5+ {Accuracy: White = 73%, Black = 73%.} 1/2-1/2

[Event "Copenhagen Chess Challenge 2019"]
[Site "Ballerup"]
[Date "2019.05.17"]
[Round "4.9"]
[White "Vedant Kumar Saravana"]
[Black "Jacob Jonsson"]
[Result "1/2-1/2"]
[WhiteElo "1845"]
[BlackElo "1970"]
[Annotator "NA RC"]
[PlyCount "123"]
[EventDate "2019.05.16"]
[EventCountry "DEN"]
[SourceTitle "playchess.com"]
[Source "ChessBase"]
[SourceQuality "1"]

1. e4 e6 2. d4 d5 3. e5 c5 4. c3 Nc6 5. Nf3 Qb6 6. Be2 Nh6 7. Bd3 cxd4 8. cxd4 Bd7 9. Bc2 Nf5 10. Bxf5 exf5 11. Nc3 Be6 12. O-O Be7 13. Rb1 O-O 14. Be3 Rac8 15. Qd2 Na5 16. Qe2 Nc4 17. Rfc1 Qa5 18. Nd2 b5 19. Nxc4 Rxc4 20. Qd2 Rfc8 21. Ne2 Qxa2 22. Ra1 Rxc1+ 23. Rxc1 Rc4 24. Rxc4 Qxc4 25. h3 b4 26. Nc1 a5 27. b3 Qc7 28. Qa2 (28. Bg5 $17) 28... f6 29. Nd3 fxe5 30. Nxe5 Bf6 31. Nd3 (31. Qa4 $11 Kf8 32. Bf4 Bxe5 33. Bxe5) 31... Bf7 (31... g5 $17 32. h4 h6) 32. g3 (32. Bf4 $11 {keeps the balance.} Qd8 33. Be5) 32... h5 (32... g5 $17 33. Qe2 Qc3) 33. h4 Qc3 34. Nf4 {[#]} Bxd4 (34... Bd8 $1 $17) 35. Bxd4 Qxd4 36. Qxa5 Qd1+ 37. Kg2 Qxb3 38. Qd8+ Kh7 39. Qg5 Qc2 40. Nxh5 $2 (40. Nh3) 40... Qe4+ 41. Kg1 $2 (41. Kh2 Qg4 42. Nf4 Qxg5 43. hxg5) 41... Qg4 42. Qxg4 $2 (42. Nf4 Qxg5 43. hxg5) 42... fxg4 43. Nf4 Bg6 (43... d4 $142 44. Nd3 Bc4) 44. Nxd5 b3 45. Nc3 b2 46. f3 gxf3 47. Kf2 b1=Q 48. Nxb1 Bxb1 49. Kxf3 Kh6 50. g4 Bc2 51. Kf4 Kg6 52. h5+ {[#]} Kh6 $1 53. Ke5 Kg5 $15 (53... Bb3 {mates} 54. Kf5 Bc4 55. Kf4 Be6 56. Ke5 Bxg4 57. Ke4 Kxh5 58. Kd5 g5 59. Kd4 Kh4 60. Ke3 Bh3 61. Kf2 g4 62. Ke2 g3 63. Ke1 g2 64. Kf2 Kg4 65. Ke2 g1=Q 66. Kd3 Qc5 67. Ke2 Kg3 68. Kd3 Kf2 69. Ke4 Ke2 70. Kf4 Qe3#) 54. Ke6 Bg6 55. hxg6 Kxg6 56. Ke7 Kg5 57. Kf7 Kh6 58. g5+ Kh7 59. Kf8 Kh8 60. Kf7 Kh7 61. g6+ Kh6 62. Kf8 1/2-1/2

[Event "Copenhagen Chess Challenge 2019"]
[Site "Ballerup"]
[Date "2019.05.17"]
[Round "4.10"]
[White "Thorsbro, Peter"]
[Black "Hoi, Carsten"]
[Result "1/2-1/2"]
[WhiteElo "2116"]
[BlackElo "2341"]
[Annotator "TA"]
[PlyCount "63"]
[EventDate "2019.05.16"]
[EventCountry "DEN"]
[SourceTitle "playchess.com"]
[Source "ChessBase"]
[SourceQuality "1"]

{[%evp 23,63,35,38,-2,34,13,16,0,16,15,27,14,12,-3,0,0,0,0,0,0,0,0,53,66,62,54,76,80,60,60,73,40,66,66,66,72,76,79,78,72,91,84]} 1. d4 g6 2. c4 Bg7 3. Nc3 d6 4. g3 Nf6 5. Bg2 O-O 6. Nf3 Bg4 7. h3 Bxf3 8. Bxf3 Nc6 9. O-O Nd7 10. e3 e5 11. d5 Ne7 12. Bg2 f5 13. Qc2 {E62: King's Indian: Fianchetto: 6...c6 and Panno Variation (6...Nc6) without ...a6} (13. b3 e4 14. Bb2 g5 15. f3 exf3 16. Qxf3 Ng6 17. Qe2 f4 18. exf4 gxf4 19. Ne4 Bxb2 20. Qxb2 Nde5 21. gxf4 Nxf4 {0-1 (36) Hou,Y (2658)-Nakamura,H (2777) chess.com INT 2018}) 13... a5 14. Bd2 Nc5 15. Rab1 {The position is equal.} Kh8 $146 ({Predecessor:} 15... g5 16. Ne2 Ng6 17. f4 gxf4 18. exf4 Qd7 19. b3 b6 20. Kh1 Kh8 {1-0 (52) Funk,P (2114)-Ruetzel,W (2035) Dresden 2000}) 16. b3 Qd7 17. f4 e4 18. Ne2 c6 19. dxc6 Nxc6 20. Bc3 Nb4 21. Qd2 Rfd8 22. a3 Nc6 ({Black should try} 22... Nbd3 $11) 23. Rfd1 $14 Qf7 24. Bf1 h6 25. Bxg7+ Qxg7 26. Qc3 Ne7 27. Qxg7+ Kxg7 28. Nc3 Rac8 29. Rd2 Kf6 {White is better.} 30. Kf2 Rc6 31. Ke1 g5 32. Kf2 {Accuracy: White = 65%, Black = 67%.} 1/2-1/2

[Event "Copenhagen Chess Challenge 2019"]
[Site "Ballerup"]
[Date "2019.05.17"]
[Round "4.11"]
[White "Jacobsen, Mikkel Manosri"]
[Black "Lilja, Richard"]
[Result "1-0"]
[WhiteElo "2319"]
[BlackElo "2103"]
[Annotator "TA"]
[PlyCount "91"]
[EventDate "2019.05.16"]
[EventCountry "DEN"]
[SourceTitle "playchess.com"]
[Source "ChessBase"]
[SourceQuality "1"]

{[%evp 11,90,37,43,13,17,20,19,9,16,0,8,0,0,0,10,0,12,0,8,0,15,6,18,15,19,0,0,-21,13,13,13,12,16,6,39,8,57,59,64,64,61,47,60,45,62,14,68,46,56,46,119,133,152,142,158,147,221,175,195,211,212,205,368,351,383,177,211,183,605,597,581,572,29972,29973,29973,29974,29973,29975,11503,6395,29999]} 1. d4 Nf6 2. c4 g6 3. Nf3 Bg7 4. Nc3 d6 5. Bg5 c6 6. e3 Qa5 7. Bxf6 {E61: King's Indian: Early deviations for White, including Smyslov System} Bxf6 8. Be2 O-O 9. O-O {The position is equal.} Bg7 10. a3 Qc7 $146 ({Predecessor:} 10... Nd7 11. b4 Qd8 12. Qc2 e5 13. Rad1 f5 14. dxe5 dxe5 {0-1 (40) Naumann,A (2480)-Watson,W (2525) Germany 1999}) 11. Qc2 Nd7 12. b4 Nf6 13. Nd2 b6 14. Rad1 Re8 15. Qb3 e5 16. d5 c5 17. Nb5 Qd8 18. a4 Bf8 19. Ra1 {[%cal Bd1a1,Ba1a3,Ba3b3,Bb3b6][%mdl 32]} Bd7 20. Rfb1 a6 {White must now prevent ...cxb4.} 21. Nc3 Rb8 22. Qc2 h5 23. Ra3 h4 24. Rab3 Ra8 25. Bd3 Kg7 26. bxc5 bxc5 27. Rb6 Be7 28. a5 Rh8 (28... Bc8 $11) 29. f4 exf4 30. exf4 Qc8 (30... Bc8 $14) 31. Nce4 $36 {[%mdl 2048] Strongly threatening Qc3. White is on the roll.} Ne8 32. Qc3+ Kg8 33. Ng5 h3 (33... Bf6 $16 34. Qc2 Ng7) 34. g3 Bf6 {[#]} 35. Qc2 $1 {Bxg6! is the strong threat.} Rh6 36. Nde4 Bd8 $2 (36... Be7 {was called for.} 37. Rb7 Qd8) 37. Rxd6 Bxa5 {[#]} 38. Nxf7 (38. Rf6 $142 $1 {[%mdl 512]} Nxf6 39. Nxf6+ Kf8 40. Qb2) 38... Kxf7 $18 39. Ng5+ Ke7 $2 (39... Kf8 40. Rxg6 Rxg6 41. Bxg6 Nf6) 40. Rxg6 Rxg6 41. Bxg6 Rb8 42. Qe4+ Kf8 43. Nh7+ Kg8 44. Qe7 {[%csl Gh7][%cal Re7f8]} Rxb1+ 45. Bxb1 {[%csl Gh7][%cal Re7f8]} Bd8 46. Qf8# {Accuracy: White = 50%, Black = 31%.} 1-0

[Event "Copenhagen Chess Challenge 2019"]
[Site "Ballerup"]
[Date "2019.05.17"]
[Round "4.12"]
[White "Rishovd, Svein"]
[Black "Heimisson, Hilmir Freyr"]
[Result "0-1"]
[WhiteElo "2105"]
[BlackElo "2311"]
[Annotator "TA"]
[PlyCount "82"]
[EventDate "2019.05.16"]
[EventCountry "DEN"]
[SourceTitle "playchess.com"]
[Source "ChessBase"]
[SourceQuality "1"]

{[%evp 16,84,10,0,0,-10,12,17,46,46,57,5,0,7,38,14,57,28,26,0,0,15,22,0,0,-2,0,0,0,0,0,-6,5,-11,0,-57,-57,-60,-57,-54,-86,-76,-93,-93,-93,-93,-41,-104,-100,-772,-760,-707,-622,-611,-601,-665,-815,-687,-666,-728,-729,-1263,-1110,-871,-756,-29979,-29975,-29974,-29975,-12848,-6009]} 1. e4 e5 2. Nf3 Nc6 3. d4 exd4 4. Nxd4 Nf6 5. Nxc6 bxc6 6. Bd3 d5 7. exd5 cxd5 8. O-O Be7 9. Bf4 O-O {C45: Scotch Game} 10. Nc3 Bb7 (10... c6 11. Re1 Be6 12. Qd2 Re8 13. a3 c5 14. Bb5 Bd7 15. Bxd7 Qxd7 16. Be5 d4 17. Bxf6 Bxf6 18. Ne4 Be7 19. Qd3 Rac8 {1-0 (62) Siikaluoma,A (2544)-Ruemmele,M (2549) ICCF email 2014}) 11. Re1 Re8 $146 {The position is equal.} ({Predecessor:} 11... c5 12. Qf3 Rb8 13. Bxb8 Qxb8 14. Rxe7 Rd8 15. Rae1 d4 16. Rxb7 {1-0 (17) Sen,T (1772)-Mavizi,H (1700) IECG email 2006}) 12. Nb5 Bc5 $1 13. Rxe8+ ({White should play} 13. Nxc7 $14 Rxe1+ 14. Qxe1) 13... Nxe8 $11 14. c3 a6 15. Nd4 Bf8 16. Qc2 (16. Qb3 $5 {[%cal Rb3b7]} Rb8 17. Re1 $14) 16... g6 17. Re1 c5 18. Nf3 $1 Ng7 19. Bg5 Qd6 20. h3 Re8 21. Rxe8 Nxe8 22. Qa4 Qe6 23. Qd1 Nd6 24. Qe2 Ne4 25. Bxe4 (25. Bf4 $11) 25... dxe4 $15 26. Nh2 Qxa2 27. Ng4 Qb1+ 28. Kh2 Qd3 29. Nf6+ Kh8 30. Qg4 {[#]} Bd6+ (30... Qd6+ $1 $17 31. Kg1 {[#]} e3 $1 {[%mdl 512]} 32. fxe3 h6) 31. Bf4 (31. g3 $1 $15) 31... Qd2 $1 $36 {[%mdl 2048] Black is in control.} 32. Bg3 $2 {[%mdl 8192]} (32. Bxd6 $17 Qxd6+ {[%mdl 64] Double Attack} 33. Qg3 Qxf6 34. Qb8+ Kg7 35. Qxb7) 32... e3 $19 33. Ne4 Bxg3+ {[%mdl 64] Overworked Piece} 34. Qxg3 Bxe4 35. Qe5+ Kg8 36. Qe8+ Kg7 37. Qe5+ f6 38. Qe7+ Kh6 39. Qf8+ {[#]} Kh5 $1 40. g4+ {[#]} Kg5 $1 {[%cal Rd2f2]} 41. Qxc5+ {[#]} Kf4 {Played: Kg5-h4} 0-1

[Event "Copenhagen Chess Challenge 2019"]
[Site "Ballerup"]
[Date "2019.05.17"]
[Round "4.12"]
[White "Koch-Muller, Oscar"]
[Black "Kreken, Eivind Grunt"]
[Result "0-1"]
[WhiteElo "1919"]
[BlackElo "1634"]
[Annotator "NA RC"]
[PlyCount "72"]
[EventDate "2019.05.16"]
[EventCountry "DEN"]
[SourceTitle "playchess.com"]
[Source "ChessBase"]
[SourceQuality "1"]

1. c4 e5 2. Nc3 Bb4 3. Nd5 Bc5 4. b4 Bd4 5. Rb1 c6 6. e3 {A21: English Opening: 1...e5 2 Nc3} cxd5 7. exd4 exd4 (7... d6 8. dxe5 dxe5 9. d4 e4 10. c5 Ne7 11. Ne2 O-O 12. Nc3 Nf5 {1-0 (23) Nepomniachtchi,I (2729)-Anand,V (2782) Riadh 2017}) 8. cxd5 Qe7+ 9. Qe2 d6 10. Bb2 $146 ({Predecessor:} 10. Nf3 Nf6 11. Qxe7+ Kxe7 12. Nxd4 Nxd5 {0-1 (45) Haase,W (2050)-Kroekel,B (2055) St Ingbert 1998}) 10... Bf5 11. Rc1 d3 12. Qxe7+ Nxe7 13. Bxg7 Rg8 14. Bb2 Nxd5 15. Bxd3 Be6 16. Bxh7 Rxg2 17. Be4 Rg5 18. h4 Rh5 19. a3 Nc6 20. Ne2 Ne5 21. Ng3 Rh6 22. d4 Ng6 23. Nf5 Bxf5 24. Bxf5 Ndf4 25. Rc7 $2 (25. Kd2 $14 {stays ahead.}) 25... Nxh4 26. Kd2 $19 (26. Be4 {keeps fighting.} Nhg2+ 27. Bxg2 Nxg2+ 28. Kf1 Rxh1+ 29. Kxg2) 26... Nxf5 {Discovered Attack} 27. Rxh6 Nxh6 28. Rxb7 Ng4 29. f3 Nf6 30. Rc7 N6d5 31. Rc1 Kd7 32. Rh1 Re8 33. Rh2 Re3 34. Bc1 Rxf3 35. Rh8 Rf2+ 36. Kd1 Nc3+ 0-1